[Event "HUN-chT2 Erkel 0304"]
[Site "Hungary"]
[Date "2003.12.07"]
[Round "5"]
[White "Hevesi, Zoltan"]
[Black "Ujj, Daniel"]
[Result "1/2-1/2"]
[WhiteElo "2165"]
[BlackElo "2157"]
[PlyCount "49"]
[EventDate "2003.09.28"]
[EventType "team"]
[EventRounds "11"]
[EventCountry "HUN"]
[SourceTitle "EXT 2009"]
[Source "ChessBase"]
[SourceDate "2008.11.26"]
[SourceVersion "1"]
[SourceVersionDate "2008.11.26"]
[SourceQuality "1"]
[WhiteTeam "Fuzesabony"]
[BlackTeam "Garancia"]
[WhiteTeamCountry "HUN"]
[BlackTeamCountry "HUN"]

1. d4 e6 2. c4 c5 3. d5 exd5 4. cxd5 d6 5. Nc3 g6 6. e4 Bg7 7. h3 Ne7 8. Nf3 0-0 9. Bd3 a6 10. a4 f5 11. exf5 Nxf5 12. 0-0 Nd7 13. Ra3 Ne5 14. Nxe5 Bxe5 15. Ne4 Bd7 16. Bg5 Qb6 17. Nd2 Bd4 18. Nc4 Qc7 19. Bf4 b5 20. Bxf5 bxc4 21. Bxd7 Qxd7 22. Bh6 Rf5 23. Qe2 Qf7 24. Be3 Qxd5 25. Rc1 1/2-1/2